000 00619ntaaa2200217 4500
003 01
005 20251027203202.0
008 0714s1973 ag 01
040 _aAR-BaBN
_bspa
_cAR-BaBN
_eaacr
_dRIC
082 _a227 K96r
100 _aKuss, Otto
245 _aCarta a los Romanos,Carta a los Corintios, Carta a los Gálatas
250 _a1 ed.
260 _aBarcelona :
_bHerder,
_c1976
300 _a453 p ;
_c1 mapa
650 _aBiblia-Nuevo Testamento
650 _aBiblia-Nuevo Testamento-Romanos
650 _aBiblia-Nuevo Testamento-Corintios
650 _aBiblia-Nuevo Testamento-Galatas
942 _cBK
999 _c27332
_d27332